| 000 | 01200cam a2200193 4500500 | ||
|---|---|---|---|
| 005 | 20260201002941.0 | ||
| 041 | _afre | ||
| 042 | _adc | ||
| 100 | 1 | 0 |
_aBozonnet, Grégory _eauthor |
| 700 | 1 | 0 |
_aDacos, Antonin _eauthor |
| 700 | 1 | 0 |
_aDross, Héloïse _eauthor |
| 700 | 1 | 0 |
_aElia, Apollonia _eauthor |
| 700 | 1 | 0 |
_aFer, Hugo _eauthor |
| 700 | 1 | 0 |
_aKeltz, Charlotte _eauthor |
| 245 | 0 | 0 | _aQuestions contemporaines 2026 : Concours commun IEP : Les solidarités - Le vivant |
| 260 |
_bArmand Colin,
_c2025. |
||
| 520 | _aLe manuel de référence • La méthodologie détaillée de la dissertation • Le cours complet sur les deux thèmes • Une approche multidisciplinaire : histoire, sociologie, droit, relations internationales, sciences politiques, sciences humaines… • 4 sujets corrigés • 20 exemples de dissertations Préparez-vous à l’épreuve de questions contemporaines • IEP d’Aix-en-Provence • IEP de Lille • IEP de Lyon • IEP de Rennes • IEP de Saint-Germain-en-Laye • IEP de Strasbourg • IEP de Toulouse | ||
| 856 | 4 | 1 | _uhttps://shs.cairn.info/destination-sciences-po-questions-contemporaines-2026--9782200642112?lang=fr&redirect-ssocas=7080 |
| 999 |
_c1638746 _d1638746 |
||